Les 20 plus grandes aires urbaines de l'Auvergne-Rhône-Alpes - Statistiques

Statistiques générales
  • Ce quiz a été pris 326 fois
  • Le résultat moyen est 15 sur 20
Statistiques - réponses
Département Population Aire urbaine % Correct
Rhône 2 238 656 Lyon
100%
Isère 713 291 Grenoble
98%
Puy-de-Dôme 498 877 Clermont-Ferrand
97%
Loire 496 132 Saint-Étienne
97%
Haute-Savoie 286 515 Annecy
94%
Savoie 251 324 Chambéry
92%
Drome 252 638 Valence
90%
Ain 139 314 Bourg-en-Bresse
86%
Haute-Savoie 421 855 Genève - Annemasse
74%
Cantal 76 939 Aurillac
72%
Loire 136 149 Roanne
70%
Allier 74 041 Moulins
69%
Haute-Loire 82 553 Le Puy-en-Velay
68%
Allier 89 641 Vichy
65%
Drome 98 060 Montélimar
64%
Isère 114 936 Vienne
60%
Allier 91 386 Montluçon
59%
Haute-Savoie 59 592 Thonon-les-Bains
53%
Drome 65 398 Romans-sur-Isère
46%
Isère 62 359 Roussillon
7%
Aucun quiz correspondant
Distribution des résultats
% des personnes avec chaque résultat
Percentile par nombre de réponses
Votre historique - résultats
Vous n’avez pas pris ce quiz